| 000 | 00800nam a2200241 a 4500 | ||
|---|---|---|---|
| 001 | 1150 | ||
| 003 | BR-CuiBMT | ||
| 005 | 20231129225422.0 | ||
| 008 | 231128s2000 spba 000 0 por d | ||
| 020 | _a8502031236 | ||
| 040 |
_aBR-CuiBMT _cBR-CuiBMT |
||
| 080 |
_22007 _a342.8 |
||
| 090 |
_a342.8 _bF618d |
||
| 100 | 1 |
_aFleury Filho, Luiz Antonio, _d1949-2022 |
|
| 245 | 1 | 0 |
_aDireito eleitoral : _bLei n. 9.504/97 : doutrina e jurisprudência / _cLuiz Antonio Fleury Filho, Itapuã Prestes de Messias. |
| 260 |
_aSão Paulo : _bSaraiva, _c2000. |
||
| 300 |
_axii, 541 p. ; _bil. : _c21 cm |
||
| 504 | _aInclui bibliografia. | ||
| 650 |
_aDireito eleitoral _vLegislação _zBrasil |
||
| 650 |
_aPartidos políticos _xLegislação _zBrasil |
||
| 700 | 1 | _aMessias, Itapuã Prestes de | |
| 942 |
_2udc _cLV |
||
| 999 |
_c1150 _d1150 |
||